Artistic innovations and cultural zones
| Hlavný autor: | |
|---|---|
| Ďalší autori: | |
| Médium: | Kniha |
| Jazyk: | angličtina nemčina |
| Fyzický popis: | 296 s. fotogr., ilustr. 24 cm |
| Vydavateľské údaje: |
Bratislava Frankfurt am Main
Veda Peter Lang
2014
|
| ISBN: | 9788022414210 (viaz.) 9783631661222 (viaz.) |
| Edícia: | Spectrum Slovakia
|
| Predmet: |
MARC
| LEADER | 00000cam a2200000 a 4500 | ||
|---|---|---|---|
| 001 | vtls010681501 | ||
| 003 | SK-MaSNL | ||
| 005 | 20260301215500.0 | ||
| 008 | 160610s2014 xo oa g 001 0 eng | ||
| 015 | |a SNBA2015/06 | ||
| 020 | |a 9788022414210 (viaz.) | ||
| 020 | |a 9783631661222 (viaz.) | ||
| 035 | |a F8512CF1-B0EF-4F84-A70C-A3696A05CD85 | ||
| 035 | |a urn:nbn:sk:snk-amkr2q | ||
| 035 | |a urn:nbn:sk:snk-am005fru | ||
| 040 | |a SNK |b slo |c SNK |e AACR2 | ||
| 041 | 0 | |a eng |a ger | |
| 044 | |a xo |c SK |a gw |c DE | ||
| 072 | 7 | |a 72/76 |x Výtvarné umenie |2 konspekt | |
| 080 | |a 72/76(091) |2 2001 | ||
| 080 | |a 930.85"13/15" |2 2001 | ||
| 080 | |a 7.071 |2 2001 | ||
| 080 | |a (048.8:082) |2 2001 | ||
| 245 | 0 | 0 | |a Artistic innovations and cultural zones |c edited by Ingrid Ciulisová ; [texts: Larry Silver ... [et al.]] |
| 260 | |a Bratislava |b Veda |a Frankfurt am Main |b Peter Lang |c 2014 | ||
| 300 | |a 296 s. |b fotogr., ilustr. |c 24 cm | ||
| 490 | 1 | |a Spectrum Slovakia ; |v vol. 7 | |
| 504 | |a Bibliogr. odkazy ; pozn. ; reg. | ||
| 546 | |a Čiast. text v nem. | ||
| 648 | 7 | |a 15.-16. stor. |2 SNKPH |9 295337 | |
| 648 | 7 | |a 15th-16th centuries |2 SNKPHeng |9 318353 | |
| 650 | 0 | 7 | |a dejiny umenia |2 SNKPH |9 1066 |
| 650 | 0 | 7 | |a History of art |2 SNKPHeng |9 267869 |
| 650 | 0 | 7 | |a renesancia |2 SNKPH |9 4038 |
| 650 | 0 | 7 | |a Renaissnce |2 SNKPHeng |9 403815 |
| 650 | 0 | 7 | |a umelci |2 SNKPH |9 2894 |
| 650 | 0 | 7 | |a Artists |2 SNKPHeng |9 265151 |
| 655 | 7 | |a kolektívne monografie |2 SNKPH |9 249850 | |
| 655 | 7 | |a Collective monographs |2 SNKPHeng |9 125747 | |
| 700 | 1 | |a Ciulisová, Ingrid, |d 1960- |4 edt |9 170098 | |
| 700 | 1 | |a Silver, Larry |4 aut |9 605351 | |
| 830 | 0 | |a Spectrum Slovakia |9 318478 | |
| 852 | |a Štátna vedecká knižnica v Banskej Bystrici | ||
| 919 | |a 978-80-224-1421-0 | ||
| 919 | |a 978-3-631-66122-2 | ||
| 958 | |a NB | ||
| 999 | |c 928316 |d 930246 | ||
| 952 | |a SNK |b SNK |y PREZ |7 0 |p 17A1159295 |o snkSC 164853 |i snk2015/17140 |8 0 |0 0 |1 0 |4 0 |d 2015-05-29 |f 1 |l 0 |r 2025-08-28 00:00:00 |w 2026-02-24 | ||
| 952 | |a SNK |b SNK |y VYP |7 0 |p 17A1159296 |o snkSC 164853 D1 |i snk2015/17142 |8 0 |0 0 |1 0 |4 0 |d 2015-05-29 |l 0 |r 2026-02-24 08:39:49 |w 2026-02-24 | ||


